书目信息 |
| 题名: |
忏悔录
|
|
| 作者: | 卢梭, 著 ;赵富春 译 | |
| 分册: | ||
| 出版信息: | 北京 中国戏剧出版社 2005.09 |
|
| 页数: | 502页 | |
| 开本: | 23cm | |
| 丛书名: | 中英文对照全译本丛书 | |
| 单 册: | ||
| 中图分类: | H319.44:I | |
| 科图分类: | ||
| 主题词: | 英语--ying yu--小说--汉、英--对照读物 | |
| 电子资源: | ||
| ISBN: | 7-104-02125-6 | |
| 000 | 01331nam 2200277 450 | |
| 001 | 012006860949 | |
| 005 | 20060628105550.60 | |
| 010 | @a7-104-02125-6@dCNY57.00 | |
| 100 | @a20060610d2005 km y0chiy0120 ea | |
| 101 | 1 | @achi@aeng@cfre |
| 102 | @aCN@b110000 | |
| 105 | @ay z 000ay | |
| 200 | 1 | @a忏悔录@Achan hui lu@f(法) 卢梭著@F(fa)lu suo zhu |
| 210 | @a北京@c中国戏剧出版社@d2005.09 | |
| 215 | @a502页@d23cm | |
| 225 | 2 | @a中英文对照全译本丛书@Azhong ying wen dui zhao quan yi ben cong shu@h第三辑 |
| 300 | @a英汉对译 | |
| 314 | @a赵富春译取自版权页 | |
| 330 | @a在历史上多得难以数计的自传作品中,真正有文学价值的显然并不多,而成为文学名著的则更少。至于以其思想、艺术和风格上的重要意义而奠定了撰写者的文学地位——不是一个普通的文学席位,而是长久地受人景仰的崇高地位的,也许只有《忏悔录》了。卢梭这个不论在社会政治思想上,在文学内容、风格和情调上都开辟了一个新的时代的人物,主要就是通过这部自传推动和启发了十九世界的法国文学,使它——用当时很有权威的一位批评家的话来说——“获得最大的进步”、“自巴斯喀以来最大的革命”。 | |
| 410 | 0 | @12001 @a中英文对照全译本丛书 |
| 606 | 0 | @a英语@Aying yu@x小说@x汉、英@j对照读物 |
| 690 | @aH319.44:I@v4 | |
| 701 | 1 | @a卢梭,@Alu suo,@bJ.@g(Rousseau, Jean-Jacques)@4著 |
| 702 | 0 | @a赵富春@Azhao fu chun@4译 |
| 801 | 0 | @aCN@bQSSK@c20060628 |
| 905 | @a10447@dH319.44:I@eL791 | |
| 忏悔录/(法) 卢梭著.-北京:中国戏剧出版社,2005.09 |
| 502页;23cm.-(中英文对照全译本丛书.第三辑) |
| 英汉对译 |
| ISBN 7-104-02125-6:CNY57.00 |
| 在历史上多得难以数计的自传作品中,真正有文学价值的显然并不多,而成为文学名著的则更少。至于以其思想、艺术和风格上的重要意义而奠定了撰写者的文学地位——不是一个普通的文学席位,而是长久地受人景仰的崇高地位的,也许只有《忏悔录》了。卢梭这个不论在社会政治思想上,在文学内容、风格和情调上都开辟了一个新的时代的人物,主要就是通过这部自传推动和启发了十九世界的法国文学,使它——用当时很有权威的一位批评家的话来说——“获得最大的进步”、“自巴斯喀以来最大的革命”。 |
| ● |
| 相关链接 |
|
|
|
正题名:忏悔录
索取号:H319.44:I/L791
 
预约/预借
| 序号 | 登录号 | 条形码 | 馆藏地/架位号 | 状态 | 备注 |
| 1 | 582643 | 205826436 | 语言库209/209语言库 54排4列1层/ [索取号:H319.44:I/L791] | 在馆 | |
| 2 | 582644 | 205826445 | 语言库209/209语言库 54排4列1层/ [索取号:H319.44:I/L791] | 在馆 | |
| 3 | 582645 | 205826454 | 语言库209/209语言库 27排1列6层/ [索取号:H319.44:I/L791] | 在馆 |